Statistics for NHL Teams By Region

Click here to take the quiz!

General Stats

  • This quiz has been taken 19 times
  • The average score is 26 of 31

Answer Stats

HintAnswer% Correct
AvalancheColorado
100%
RangersNew York
100%
IslandersNew York
100%
PenguinsPittsburgh
100%
SabersBuffalo
93%
Golden KnightsLas Vegas
93%
FliersPhiladelphia
93%
KrackenSeattle
93%
CapitalsWashington
93%
CoyotesArizona
86%
BlackhawksChicago
86%
PanthersFlorida
86%
KingsLos Angeles
86%
LightningTampa Bay
86%
Maple LeafsToronto
86%
DucksAnaheim
79%
BruinsBoston
79%
FlamesCalgary
79%
HurricanesCarolina
79%
Blue JacketsColumbus
79%
StarsDallas
79%
Red WingsDetroit
79%
WildMinnesota
79%
CanadiensMontreal
79%
PredatorsNashville
79%
DevilsNew Jersey
79%
SenatorsOttawa
79%
SharksSan Jose
79%
BluesSt. Louis
79%
JetsWinnipeg
79%
CanucksVancouver
71%

Score Distribution

Percentile by Number Answered

Percent of People with Each Score

Your Score History

You have not taken this quiz